000 00599nam a2200169Ia 4500
003 IN-BaIIA
008 211028s9999 xx 000 0 eng d
020 _a0-7923-6509-7
040 _cIIA Library
080 _a(058)52
_bHEC
100 _aHeck, Andre
_915341
245 0 _aStarGuides 2001
_ba world-wide directory of organizations in astronomy, related space sciences & other related fields
_cAndre Heck
260 _aDordrecht
_bKluwer Academic
_c2001
300 _axxiii, 1220p.
650 _aAstronomy: Star guide: Directory
_924626
942 _cBK
999 _c14036
_d14036